[Event "Havana Province-ch sf"]
[Site "Havana"]
[Date "2018.10.18"]
[Round "4"]
[White "Pena Garcia, Eduardo Jesus"]
[Black "Marquez Torres, Oscar Luis"]
[Result "0-1"]
[WhiteElo "2107"]
[BlackElo "2193"]
[PlyCount "56"]
[EventDate "2018.10.12"]
[EventType "swiss"]
[EventRounds "5"]
[EventCountry "CUB"]
[SourceTitle "EXT 2021"]
[Source "ChessBase"]
[SourceDate "2020.10.23"]
[SourceVersion "1"]
[SourceVersionDate "2020.10.23"]
[SourceQuality "1"]

1. e4 e6 2. d4 d5 3. Nd2 Nc6 4. Ngf3 Nf6 5. e5 Nd7 6. Be2 f6 7. exf6 Qxf6 8. Nf1 Bd6 9. Ne3 0-0 10. 0-0 Ne7 11. Ng4 Qg6 12. h3 Nf5 13. Kh1 c5 14. c3 b6 15. Re1 h5 16. Nge5 Qe8 17. Ng5 Bxe5 18. dxe5 g6 19. Bf3 Nh4 20. Bxd5 exd5 21. Qxd5+ Kh8 22. Qxa8 Rxf2 23. Be3 Rxg2 24. Qe4 Qe7 25. e6 Nf6 26. Bd4 cxd4 27. Qxh4 Bb7 28. Ne4 g5 0-1

[Event "Aleman Memorial"]
[Site "Havana"]
[Date "2018.??.??"]
[Round "4"]
[White "Fernandez Rivero, Karla July"]
[Black "Pena Garcia, Eduardo Jesus"]
[Result "1/2-1/2"]
[WhiteElo "2000"]
[BlackElo "2091"]
[PlyCount "119"]
[EventDate "2018.02.02"]
[EventType "swiss"]
[EventRounds "7"]
[EventCountry "CUB"]
[SourceTitle "EXT 2021"]
[Source "ChessBase"]
[SourceDate "2020.10.23"]
[SourceVersion "1"]
[SourceVersionDate "2020.10.23"]
[SourceQuality "1"]

1. d4 Nf6 2. c4 c5 3. d5 g6 4. Nc3 Bg7 5. e4 d6 6. h3 0-0 7. Nf3 e6 8. Bd3 exd5 9. cxd5 a6 10. a4 Re8 11. 0-0 Nbd7 12. Bf4 Qe7 13. Qd2 Nh5 14. Bh2 Qf8 15. Ng5 Ne5 16. Be2 h6 17. f4 hxg5 18. fxe5 Nf4 19. exd6 Be5 20. Kh1 Qxd6 21. Rae1 Kg7 22. Nd1 Bd7 23. Ne3 b5 24. Bg4 Nh5 25. Bxe5+ Rxe5 26. Bxh5 gxh5 27. Nf5+ Bxf5 28. exf5 f6 29. Rxe5 Qxe5 30. Qa5 Qxd5 31. Qc7+ Qf7 32. Qxc5 bxa4 33. Re1 Ra7 34. Qc6 Qd7 35. Qf3 Rc7 36. Rd1 Qf7 37. Qe4 Qb3 38. Qd4 h4 39. Qd8 Qf7 40. Qd6 Ra7 41. Qd4 Qb7 42. Qxa4 Qxb2 43. Rd7+ Rxd7 44. Qxd7+ Kh6 45. Qc8 Qa1+ 46. Kh2 Qe5+ 47. Kh1 Kg7 48. Qd7+ Kf8 49. Qd8+ Kf7 50. Qd7+ Qe7 51. Qd5+ Kg7 52. Qa8 Qe1+ 53. Kh2 Qe5+ 54. Kh1 a5 55. Qb7+ Kf8 56. Qd7 Qe7 57. Qc8+ Kg7 58. Qc2 Qd7 59. Kh2 a4 60. Qa2 1/2-1/2

[Event "Aleman Memorial"]
[Site "Havana"]
[Date "2018.??.??"]
[Round "7"]
[White "Pena Garcia, Eduardo Jesus"]
[Black "Bueno Gauna, Christian Alejandro"]
[Result "1/2-1/2"]
[WhiteElo "2091"]
[BlackElo "2067"]
[PlyCount "66"]
[EventDate "2018.02.02"]
[EventType "swiss"]
[EventRounds "7"]
[EventCountry "CUB"]
[SourceTitle "EXT 2021"]
[Source "ChessBase"]
[SourceDate "2020.10.23"]
[SourceVersion "1"]
[SourceVersionDate "2020.10.23"]
[SourceQuality "1"]

1. Nf3 Nc6 2. b3 e5 3. Bb2 e4 4. Ne5 d5 5. e3 Nxe5 6. Bxe5 Nf6 7. c4 Bd6 8. Bxf6 Qxf6 9. Nc3 0-0 10. Nxd5 Qh6 11. g3 Be5 12. Rc1 Bh3 13. Qe2 Bxf1 14. Qxf1 c6 15. Nc3 f5 16. h4 Rad8 17. Qe2 Rd3 18. f4 Bxc3 19. Rxc3 Rfd8 20. Rxd3 Rxd3 21. Kd1 Qf6 22. Kc2 a5 23. g4 a4 24. gxf5 Qxf5 25. Rg1 axb3+ 26. axb3 Qa5 27. Rb1 Qa2+ 28. Rb2 Qa5 29. Qg2 g6 30. Kb1 Qf5 31. Qg5 Qd7 32. Kc1 Qh3 33. Qa5 Qxh4 1/2-1/2